00903cam a22002291 4500001001300000003000400013005001700017008004100034010001700075035001900092040004100111050002000152051002600172100004600198245016200244260002900406300005700435490004900492500008800541650002100629650002300650gs 26000178 DLC20260227111330.0760514s1925 tnuabf 000 0 eng c ags 26000178  a(OCoLC)2177163 aU. S. Geol. Survey Libr.cNcWsWdDLC00aQE165b.A2 33-B aTN805.T2bG6cCopy 2.1 aGlenn, L. C.q(Leonidas Chalmers),d1871-14aThe northern Tennessee coal fieldbincluded in Anderson, Campbell, Claiborne, Fentress, Morgan, Overton, Pickett, Roane, and Scott counties,cby L. C. Glenn. aNashville, Tenn.,c1925. axvi, 478 p.billus., XIII pl., maps, tables.c23 cm.0 aTennessee. Geological survey. Bulletinv33-B aAt head of title: State of Tennessee. Department of education. Division of geology. 0aCoalzTennessee. 0aGeology, Economic.